<?xml version="1.0" encoding="UTF-8"?>
<record
    xmlns:xsi="http://www.w3.org/2001/XMLSchema-instance"
    xsi:schemaLocation="http://www.loc.gov/MARC21/slim http://www.loc.gov/standards/marcxml/schema/MARC21slim.xsd"
    xmlns="http://www.loc.gov/MARC21/slim">

  <leader>01730nkc a22002777a 4500</leader>
  <controlfield tag="001">85858</controlfield>
  <controlfield tag="005">20260430100807.0</controlfield>
  <controlfield tag="007">kh bo </controlfield>
  <controlfield tag="008">260430s1915    sp ||||| |||| |0| i|spa d</controlfield>
  <datafield tag="040" ind1=" " ind2=" ">
    <subfield code="a">M-RABA</subfield>
    <subfield code="b">spa</subfield>
    <subfield code="c">M-RABA</subfield>
  </datafield>
  <datafield tag="100" ind1="1" ind2=" ">
    <subfield code="a">Roig Villalonga, Juana (</subfield>
    <subfield code="d">1877-1941)</subfield>
    <subfield code="9">42535</subfield>
  </datafield>
  <datafield tag="245" ind1="1" ind2="1">
    <subfield code="a">[Vistas de Olite</subfield>
    <subfield code="b">: Iglesia de Santa Mar&#xED;a y Alc&#xE1;zar de los Reyes]</subfield>
    <subfield code="c">/ J. Roig</subfield>
    <subfield code="h">[Material gr&#xE1;fico]</subfield>
  </datafield>
  <datafield tag="260" ind1=" " ind2=" ">
    <subfield code="a">Madrid</subfield>
    <subfield code="b">: J. Roig</subfield>
    <subfield code="c">[ca.1915]</subfield>
  </datafield>
  <datafield tag="300" ind1=" " ind2=" ">
    <subfield code="a">2 fotograf&#xED;as</subfield>
    <subfield code="b">: aristotipo</subfield>
    <subfield code="c">, imagen 15,5 x 21,5 cm</subfield>
  </datafield>
  <datafield tag="500" ind1="0" ind2="0">
    <subfield code="a">Conjunto de dos im&#xE1;genes que representan diferentes vistas de Olite, en Navarra, correspondientes a la portada de la Iglesia de Santa Mar&#xED;a y una vista general del antiguo Alc&#xE1;zar de los Reyes.</subfield>
  </datafield>
  <datafield tag="500" ind1="0" ind2="0">
    <subfield code="a">Fot-822: OLITE (Navarra)- Iglesia de Santa Mar&#xED;a. Puerta
Fot-823: OLITE (Navarra)- Antiguo Alc&#xE1;zar de los reyes de Navarra. </subfield>
  </datafield>
  <datafield tag="500" ind1="0" ind2="0">
    <subfield code="a">Originales de Laurent conservados en el IPCE. N&#xFA;mero de inventario: VN-01132 y VN-01241</subfield>
  </datafield>
  <datafield tag="500" ind1="0" ind2="0">
    <subfield code="a">Sello a tinta en el verso: "J. Roig. Madrid. Carrera y Jer&#xF3;nimo, 58". Corresponde a Juana Roig Villalonga, encargada del negocio de Juan Laurent entre 1915 y 1930.
Fecha tomada de la &#xE9;poca en activo de J. Roig. </subfield>
  </datafield>
  <datafield tag="651" ind1=" " ind2="7">
    <subfield code="a">Olite (Navarra, Espa&#xF1;a)</subfield>
    <subfield code="9">8884</subfield>
  </datafield>
  <datafield tag="655" ind1=" " ind2="0">
    <subfield code="a">Fotograf&#xED;as de monumentos</subfield>
    <subfield code="9">111580</subfield>
  </datafield>
  <datafield tag="700" ind1="1" ind2=" ">
    <subfield code="a">Laurent, J. (</subfield>
    <subfield code="d">1816-1886)</subfield>
    <subfield code="9">55737</subfield>
  </datafield>
  <datafield tag="852" ind1=" " ind2=" ">
    <subfield code="j">Fot-822; Fot-823</subfield>
  </datafield>
  <datafield tag="856" ind1=" " ind2=" ">
    <subfield code="u">https://archivoybiblioteca.realacademiabellasartessanfernando.com/cgi-bin/koha/opac-retrieve-file.pl?id=a26ffda778db3add87c0237e0db94678</subfield>
    <subfield code="y">Fot-822</subfield>
  </datafield>
  <datafield tag="856" ind1=" " ind2=" ">
    <subfield code="u">https://archivoybiblioteca.realacademiabellasartessanfernando.com/cgi-bin/koha/opac-retrieve-file.pl?id=13f20047b2d7dc1d14144ec61c74144e</subfield>
    <subfield code="y">Fot-823</subfield>
  </datafield>
  <datafield tag="942" ind1=" " ind2=" ">
    <subfield code="c">FOTOGRAF&#xCD;A</subfield>
    <subfield code="n">0</subfield>
  </datafield>
  <datafield tag="952" ind1=" " ind2=" ">
    <subfield code="0">0</subfield>
    <subfield code="1">0</subfield>
    <subfield code="2">ddc</subfield>
    <subfield code="4">0</subfield>
    <subfield code="7">0</subfield>
    <subfield code="8">FOTOGRAFIA</subfield>
    <subfield code="a">RABASF</subfield>
    <subfield code="b">RABASF</subfield>
    <subfield code="c">DP2</subfield>
    <subfield code="d">2026-04-30</subfield>
    <subfield code="l">0</subfield>
    <subfield code="o">Fot-822</subfield>
    <subfield code="p">1097160</subfield>
    <subfield code="r">2026-04-30 10:08:26</subfield>
    <subfield code="w">2026-04-30</subfield>
    <subfield code="y">FOTOGRAF&#xCD;A</subfield>
  </datafield>
  <datafield tag="952" ind1=" " ind2=" ">
    <subfield code="0">0</subfield>
    <subfield code="1">0</subfield>
    <subfield code="2">ddc</subfield>
    <subfield code="4">0</subfield>
    <subfield code="7">0</subfield>
    <subfield code="8">FOTOGRAFIA</subfield>
    <subfield code="a">RABASF</subfield>
    <subfield code="b">RABASF</subfield>
    <subfield code="c">DP2</subfield>
    <subfield code="d">2026-04-30</subfield>
    <subfield code="l">0</subfield>
    <subfield code="o">Fot-823</subfield>
    <subfield code="p">1097161</subfield>
    <subfield code="r">2026-04-30 10:08:26</subfield>
    <subfield code="w">2026-04-30</subfield>
    <subfield code="y">FOTOGRAF&#xCD;A</subfield>
  </datafield>
  <datafield tag="999" ind1=" " ind2=" ">
    <subfield code="c">85858</subfield>
    <subfield code="d">85858</subfield>
  </datafield>
</record>
